| 000 | 003910000a22001570004500 | ||
|---|---|---|---|
| 001 | 004704 | ||
| 003 | MACL | ||
| 040 | _aMACL | ||
| 090 |
_c16697 _d16696 |
||
| 100 | _aBandyopadyaya, Bimal | ||
| 245 |
_aBhudhist Centres Of Orissa _bLalitagiri, Ratnagiri And Udyagiri _cBimal Bandyopadyaya |
||
| 260 |
_aSundeep Prakashan, _c2004 |
||
| 350 | _a1500 | ||
| 650 | _aReligion | ||
| 942 |
_k294 _cBook |
||
| 999 |
_c16591 _d16591 |
||